Pokolenie Kolumbów - utwory - Statystyki

Ogólne statystyki
  • Ten quiz został rozwiązany 20 razy
  • Średni wynik to 4 z 12
Statystyki odpowiedzi
Zagadnienie Odpowiedź % Poprawnych
Pseudonim K. K. Baczyńskiego (1921-1944) brzmiał: Jan Bugaj
86%
Wskaż ciąg, w którym występują wyłącznie utwory Szymborskiej. "Żona Lota", Kot w pustym mieszkaniu", "Głos w sprawie pornografii"
57%
Wskaż utwór T. Borowskiego "Obrazy snu"
43%
Różewicz żył w latach: 1921-2014
29%
Data rozpoczęcia socrealizmu w Polsce. 1949
29%
Data zakończenia okresu socrealizmu w architekturze w Polsce. 1956
29%
Wskaż utwory, których autorstwo należy do Baczyńskiego. Elegia.. [o chłopcu polskim], Piosenka, Świat sen
29%
Wskaż utwory Herberta, które pojawiły się podczas zajęć. Mona Liza, Przesłuchanie anioła, Pan Cogito o postawie wyprostowanej
29%
Wskaż utwór Z. Ginczanki *** [Non omnis moriar]
29%
Co cechuje twórczość Różewicza: pisarz ocalały, nowatorski styl, wpływowy, jak mówić o Zagładzie, nihilizm, rozczarowanie ludzką naturą, ironia, dystans
29%
Który z wymienionych tomów NIE został wydany pod nazwiskiem Herberta? Wołanie do Yeti
29%
Wskaż utwór Herberta o wrażeniach doświadczenia dzieła poza granicami ZSRR. Mona Liza
14%
Nie znaleziono quizów pasujących do podanych kryteriów
Rozkład punktacji
Procent ludzi z każdym wynikiem
Percentyl według liczby udzielonych odpowiedzi
Twoja historia wyników
Nie rozwiązałeś tego quizu